| 000 | 00518nam a2200193Ia 4500 | ||
|---|---|---|---|
| 005 | 20250508152953.0 | ||
| 008 | 008 250505s9999 xx 000 0 hin d | ||
| 037 | _aTextual | ||
| 040 |
_aFEDL _beng _cFEDL |
||
| 041 |
_ahin _2hin |
||
| 084 |
_a342.09, STR _qFEDL |
||
| 100 |
_aStrang C. F. _9762887 |
||
| 245 | 0 | _aAadhunik rajnitik samvidhan | |
| 260 |
_aAgra, India _bGaya Prasad and Sons _c1959 |
||
| 300 | _a364p | ||
| 650 | _aLaw | ||
| 942 |
_cTEXL _h342.09, STR |
||
| 999 |
_c1339910 _d1339910 |
||